Identify the Language - Statistics

General Stats
  • This quiz has been taken 38 times
  • The average score is 15 of 35
Answer Stats
Sample Answer % Correct
Καιρό έχουμε να τα πούμε! Greek
93%
Tất cả mọi người sinh ra đều được tự do và bình đẳng về nhân phẩm và quyền lợi. Mọi con người đều được tạo hóa ban cho lý trí và lương tâm và cần phải đối xử với nhau trong tình anh em. Vietnamese
89%
Bütün insanlar hür, haysiyet ve haklar bakımından eşit doğarlar. Akıl ve vicdana sahiptirler ve birbirlerine karşı kardeşlik zihniyeti ile hareket etmelidirler. Turkish
82%
Hānau kū'oko'a 'ia nā kānaka apau loa, a ua kau like ka hanohano a me nā pono kīvila ma luna o kākou pākahi. Ua ku'u mai ka no'ono'o pono a me ka 'ike pono ma luna o kākou, no laila, e aloha kākou kekahi i kekahi. Hawaiian
75%
კეთილი იყოს თქვენი Georgian
71%
A szülőket elsőbbségi jog illeti meg a gyermekeiknek adandó nevelés megválasztásában. Hungarian
71%
Hver maður er borinn frjáls og jafn öðrum að virðingu og réttindum. Menn eru gæddir vitsmunum og samvisku, og ber þeim að breyta bróðurlega hverjum við annan. Icelandic
71%
Sa e manušikane strukture bijandžona tromane thaj jekhutne ko digniteti thaj capipa. Von si baxtarde em barvale gndaja thaj godžaja thaj trubun jekh avereja te kherjakeren ko vodži pralipaja. Romani
68%
Genir pawb yn rhydd ac yn gydradd â'i gilydd mewn urddas a hawliau. Fe'u cynysgaeddir â rheswm a chydwybod, a dylai pawb ymddwyn y naill at y llall mewn ysbryd cymodlon. Welsh
68%
Saolaítear na daoine uile saor agus comhionann ina ndínit agus ina gcearta. Tá bua an réasúin agus an choinsiasa acu agus dlíd iad féin d'iompar de mheon bráithreachais i leith a chéile. Irish
64%
מאָרגן־פרײהײט Yiddish
64%
Өглөөний мэнд Mongolian
61%
Vrei să pleci dar nu mă, nu mă ieiNu mă, nu mă iei, nu mă, nu mă, nu mă iei Chipul tău și dragostea din tei Mi-amintesc de ochii tăi Romanian
61%
ᓄᓇᕗᒻᒥ ᒫᓂᑑᐸᒥᓗ ᓇᓗᓇᐃᖅᓯᕗᑦ ᐱᓕᕆᖃᑎᒌᖕᓂᖏᓐᓂᒃ ᓯᕗᒻᒧᐊᒃᑎᑦᑐᒪᓪᓗᒍ ᑭᕙᓪᓕᕐᒥ ᐃᑯᒻᒪᖅᑯᑎᓄᑦ ᖃᕆᑕᐅᔭᒃᑰᕈᑎᓂᒃ ᑲᑎᑎᑦᑎᓂᖅ nunavummi maanituupamilu nalunaiqsivut piliriqatigiiŋniŋinnik sivummuaktittumallugu kivallirmi ikummaqkutinut qaritaujakkuurutinik katitittiniq Inuktitut
54%
Alle minsken wurde frij en gelyk yn weardigens en rjochten berne. Hja hawwe ferstân en gewisse meikrigen en hearre har foar inoar oer yn in geast fan bruorskip te hâlden en te dragen. West Frisian
46%
Gizon-emakume guztiak aske jaiotzen dira, duintasun eta eskubide berberak dituztela; eta ezaguera eta kontzientzia dutenez gero, elkarren artean senide legez jokatu beharra dute. Basque
43%
Il-bnedmin kollha jitwieldu ħielsa u ugwali fid-dinjità u d-drittijiet. Huma mogħnija bir-raġuni u bil-kuxjenza u għandhom inġibu ruħhom ma' xulxin bi spirtu ta' aħwa. Maltese
43%
Тамоми одамон озод ба дунё меоянд ва аз лиҳози манзилату ҳуқуқ бо ҳам баробаранд. Ҳама соҳиби ақлу виҷдонанд, бояд нисбат ба якдигар бародарвор муносабат намоянд. Tajik
43%
Tout moun fèt lib, egal ego pou diyite kou wè dwa. Nou gen la rezon ak la konsyans epi nou fèt pou nou aji youn ak lot ak yon lespri fwatènite. Haitian Creole
36%
Hemû mirov azad û di weqar û mafan de wekhev tên dinyayê. Ew xwedî hiş û şuûr in û divê li hember hev bi zihniyeteke bratiyê bilivin. Kurdish
36%
Huecapan nicac nicuicanitl huiya zaquan petlatolini, ma nica yeninemia nicyeyectian cuicatla in nic xochiotia yayaho yahii. Nahuatl
36%
Bílaʼashdlaʼii tʼáá ałtsoh yiníkʼehgo bidizhchįh dóó aheełtʼeego ílį́į́go bee baahóchįʼ. Eíí háníʼ dóó hánítshakees hwiihdaasyaʼ eíí binahjį́ʼ ahidiníłnáhgo álíleekʼehgo kʼé bee ahił niidlį́. Navajo
36%
Gbogbo ènìyàn ni a bí ní òmìnira; iyì àti ẹ̀tọ́ kọ̀ọ̀kan sì dọ́gba. Wọ́n ní ẹ̀bùn ti làákàyè àti ti ẹ̀rí-ọkàn, ó sì yẹ kí wọn ó máa hùwà sí ara wọn gẹ́gẹ́ bí ọmọ ìyá. Yoruba
36%
އަހަންނަކަށް ނޭނގުނު Maldivian
29%
Ⲉ̀ⲫ̀ⲟⲩⲁⲓ ⲥⲉⲙⲓⲥⲓ ⲣⲉⲙϩⲉⲩ ⲛⲉⲙ ⲉⲧϣⲱϣ ⲉ̀ ⲁⲝⲓⲁ ⲛⲉⲙ ⲇⲓⲕⲁⲓⲟⲥⲩⲛⲏ. Ⲛ̀ⲑⲱⲟⲩ ⲥⲉⲉⲣϩ̀ⲙⲟⲧ ⲅⲛⲱⲙⲏ ⲛⲉⲙ ⲥⲩⲛⲏⲇⲏⲥⲓⲥ ⲟⲩⲟϩ ⲙ̀ⲡⲉⲛⲑⲣⲉⲩⲁⲣϣⲏⲧ ⲙ̀ⲙⲉⲧⲣⲱⲙⲓ ϩⲓⲛⲁ ⲛ̀ⲑⲱⲟⲩ ⲙ̀ⲫ̀ⲣⲏϯ ⲛ̀ⲥ̀ⲛⲏⲟⲩ. Coptic
25%
ЦIыф пстэури шъхьэфитэу, ялъытэныгъэрэ яфэшъуашэхэмрэкIэ зэфэдэу къалъфы. Adyghe
14%
Вэймэну ԓынъё, ымыԓьо йыръыйыр ӈутку рычечьатынвы нэрэривԓыӈын википедияӄэнак турывэтгысӄык. Chukchi
11%
Yáahl uu st'igáalaan, hal st'i'áwyaagaan.'Wáadluu xíl hal tlaahláayaan. Gut'iláa ḵ'íit ḵ'uts hal ts'asláangaan. 'Wáadluu sáng ḵwáan hal néilaan gyaan hal 'lagáalaan Haida
11%
Tíobáhai hi báaiso kohoaihíaisóogabagaí. Tí ‘ísi báaiso ‘ogabagai, gíiai ‘ogihíaihiaba. Tíobáhai hi ‘ísi báaiso ‘oaboihaí. ‘Ahoakohoaihio ‘ísi kaopápihaí. Piraha
11%
Нэхурди гуонйиншон ю йигә ло лопәрни. Та ю йигә эрзыни. Таму җўди тэ чүндихын: чыди мә чыди, чуанди мә чуанди. Эрзы йитян зэ санни шу цэдини. Шу җи кунзы цэ, надо гэшон мэдё, мэщер чы-хә та зу хуэйлэли. Зу җымуҗя таму лёнгәр гуә гуонйиндини. Dungan
7%
Okariata:ne tahotharatieTahsakohroria:ne ne tsi niho:ten Ne se aonha:a thorihwaka:ion Ne se aonha:a thorihwaka:ion Mohawk
7%
nǃárí-sà’án gǂhúì-gǂhùí. !Xoo
7%
مُچَّا اِنسَاںک آجو او اِزَّت نَا رِد اَٹ بَرےبَر وَدِى مَسُّنو. اوفتے پُهِى او دَلِىل رَسےںگَانے. اَندَادے وفتے اَسِ اےلو تون اِىلُمِى اے وَدِّفوئِى اے. Muccá insáńk ájo o izzat ná rid aŧ barebar vadí massuno. Ofte puhí o dalíl raseńgáne. andáde ofte asi elo ton ílumí e vaddifoí e. Brahui
4%
xwməθkwəy̓əm: qwi:l̕qwəl̕ ʔə kwθə snəw̓eyəɬ ct Halkomelem
4%
Iamendu k'uiripuecha janguarhiparini ka majku jarhati ka jurhimbekuecha jingoni kueraaηasondikso ka, juajtakuarhisïndiksï ambakiti eratsekua ka kaxumbikua, jatsistiksï eskaksï sesi arhijperaaka. Purepecha
4%
No matching quizzes found
Score Distribution
Percent of People with Each Score
Percentile by Number Answered
Your Score History
You have not taken this quiz